Solid waste recycling and processing : planning of solid waste recycling facilities and programs /

Solid Waste Recycling and Processing, Second Edition, provides best-practice guidance to solid waste managers and recycling coordinators. The book covers all aspects of solid waste processing, volume reduction, and recycling, encompassing typical recyclable materials (paper, plastics, cans, and orga...

Full description

Bibliographic Details
Main Author: Rogoff, Marc Jay
Corporate Author: ScienceDirect (Online service)
Format: eBook
Language:English
Language Notes:English.
Published: Waltham, MA : William Andrew, ©2014.
Edition:2nd ed.
Series:Engineering professional collection
Subjects:
Online Access:Connect to the full text of this electronic book

MARC

Tag First Indicator Second Indicator Subfields
LEADER 00000cam a2200000 a 4500
001 in00005753821
005 20260326200133.0
006 m o d
007 cr unu||||||||
008 140212s2014 maua ob 001 0 eng d
040 |a UMI  |b eng  |e pn  |c UMI  |d OPELS  |d B24X7  |d OCLCF  |d TXA  |d YDXCP  |d CDX  |d OCLCQ  |d K6U  |d U3W  |d D6H  |d OTZ  |d AU@  |d COO  |d AUD  |d VT2  |d LQU  |d S9I  |d VLY  |d OCLCQ  |d EYM  |d OCLCO  |d OCLCQ  |d OCLCO  |d OCLCL  |d SXB  |d OCLCQ  |d OCLCO  |d OCLCL 
019 |a 872621662  |a 999646326  |a 1007218327  |a 1060197731  |a 1105197157  |a 1105571308  |a 1105866605  |a 1162397123  |a 1194762442 
020 |a 9781455731923  |q (electronic bk.) 
020 |a 1455731927  |q (electronic bk.) 
020 |a 9781306154376  |q (MyiLibrary) 
020 |a 1306154375  |q (MyiLibrary) 
020 |z 9780323221276 
020 |z 0323221270 
035 |a (OCoLC)870340044  |z (OCoLC)872621662  |z (OCoLC)999646326  |z (OCoLC)1007218327  |z (OCoLC)1060197731  |z (OCoLC)1105197157  |z (OCoLC)1105571308  |z (OCoLC)1105866605  |z (OCoLC)1162397123  |z (OCoLC)1194762442 
037 |a CL0500000382  |b Safari Books Online 
050 4 |a TD794.5 
082 0 4 |a 628.4458  |2 23 
049 |a TXAM 
100 1 |a Rogoff, Marc Jay.  |1 https://id.oclc.org/worldcat/entity/E39PCjBYq8w4pyQMcFY3c9Rvpd 
245 1 0 |a Solid waste recycling and processing :  |b planning of solid waste recycling facilities and programs /  |c by Marc J. Rogoff. 
250 |a 2nd ed. 
260 |a Waltham, MA :  |b William Andrew,  |c ©2014. 
300 |a 1 online resource (1 volume) :  |b illustrations 
336 |a text  |b txt  |2 rdacontent 
337 |a computer  |b c  |2 rdamedia 
338 |a online resource  |b cr  |2 rdacarrier 
347 |a data file 
490 0 |a Engineering professional collection 
588 0 |a Print version record. 
504 |a Includes bibliographical references and index. 
520 |a Solid Waste Recycling and Processing, Second Edition, provides best-practice guidance to solid waste managers and recycling coordinators. The book covers all aspects of solid waste processing, volume reduction, and recycling, encompassing typical recyclable materials (paper, plastics, cans, and organics), construction and demolition debris, electronics, and more. It includes techniques, technologies, and programs to help maximize customer participation rates and revenues, as well as to minimize operating costs. The book is packed with lessons learned by the author during the implementation of the most successful programs worldwide, and includes numerous case studies showing how different systems work in different settings. This book also takes on industry debates such as the merits of curbside-sort versus single-stream recycling and the use of advanced technology in materials recovery facilities. It provides key facts and figures, and brief summaries of legislation in the United States, Europe, and Asia. An extensive glossary demystifies the terminology and acronyms used in different sectors and geographies. The author also explains emerging concepts in recycling such as zero waste, sustainability, LEED certification, and pay-as-you-throw, and places waste management and recycling in wider economic, environmental (sustainability), political, and societal contexts. Covers single- and mixed-waste streamsEvaluates the technologies and tradeoffs of recycling of materials vs. integrated solutions, including combustion and other transformational optionsCovers recycling as part of the bigger picture of solid waste management, processing and disposal. 
505 0 |a Front Cover; Solid Waste Recycling and Processing; Copyright Page; Contents; About the Author; Preface; Acknowledgments; Acronyms and Abbreviations; 1 Introduction; Current Waste Generation; United States; The New Solid Waste Paradigm-"Materials Management"; Long-Term International "Drivers"; Energy; Climate Change; Natural Resource Depletion; Increasing Commodity Prices; Information Revolution; Increased Corporate and Governmental Sustainability; References; 2 Policy Implications for Solid Waste and Recycling; City of Santa Monica; City of San Jose; Metro Vancouver; New York; Oregon; Vermont. 
505 8 |a Public Areas and Event RecyclingE-Waste Collection; Organic Wastes; Drop-Off Programs; Bulk Collection; Curbside Collection Programs; Residential; Single Family; Multifamily; Collection Approaches; Source Separation; Wet/Dry; Mixed Waste; Commercial Generators; References; 4 Processing Technologies; What Can Be Recovered from Your Waste Stream; Borough of Skagway, Alaska Waste Composition Survey; Methods; Number of Samples; Waste Sorting; Data Reduction; Summary of Results; Residential; Commercial; Overall Waste Stream; Diversion Opportunities; Conventional Processing Technologies. 
505 8 |a Construction and Demolition Debris RecyclingBackground; Facility Siting; C & DD Waste Processing/Recycling Operations; Processing Schemes; Sorting and Processing Equipment; Bulk Material Recycling; Mixed Waste Recycling; Screening Operations; Finger Screen; Trommel Screen; Star Gear Screen; Ferrous Metal Separation and Removal; Heavy and Light Material Separation; De-Stoner/Air Knife; Optical Sorter; Picking (Sorting) Line; Dust Control; Introduction; Wet Systems; Vibration; Recycling By-Products; Organics Processing Technologies; Approaches; Backyard Composting; Individual Composting Units. 
546 |a English. 
650 0 |a Recycling (Waste, etc.) 
650 0 |a Refuse and refuse disposal. 
650 2 |a Refuse Disposal 
650 6 |a Recyclage (Déchets, etc.) 
650 6 |a Déchets  |x Élimination. 
650 7 |a recycling.  |2 aat 
650 7 |a Recycling (Waste, etc.)  |2 fast 
650 7 |a Refuse and refuse disposal  |2 fast 
655 7 |a Electronic books.  |2 local 
710 2 |a ScienceDirect (Online service) 
758 |i has work:  |a Solid Waste Recycling and Processing (Text)  |1 https://id.oclc.org/worldcat/entity/E39PCYKgvGHJffbP7thkh3PgjC  |4 https://id.oclc.org/worldcat/ontology/hasWork 
776 0 8 |i Print version:  |a Rogoff, Marc Jay.  |t Solid waste recycling and processing.  |b 2nd edition.  |d Norwich, New York : William Andrew, 2013  |z 9781455731923  |w (OCoLC)859183147 
856 4 0 |u http://proxy.library.tamu.edu/login?url=https://www.sciencedirect.com/science/book/9781455731923  |z Connect to the full text of this electronic book  |t 0 
955 |a Elsevier ScienceDirect 2026-2027 
994 |a 92  |b TXA 
999 f f |i ea0c94a6-43c8-4f0f-a643-3d346ff2ef8e  |s f39587d2-4878-405f-8f20-9e650b638d92  |t 0 
952 f f |a Texas A&M University  |b College Station  |c Electronic Resources  |s www_evans  |d Available Online  |t 0  |e TD794.5   |h Library of Congress classification 
998 f f |a TD794.5   |t 0  |l Available Online